| 000 | 00484nam a22001697a 4500 | ||
|---|---|---|---|
| 999 |
_c2861 _d2818 |
||
| 008 | 181222b ||||| |||| 00| 1 eng d | ||
| 020 | _a975414833X | ||
| 041 | _atur | ||
| 050 | _aPL248.A745 | ||
| 100 |
_9942 _aAtasü, Erendiz |
||
| 245 |
_aGençliğin O Yakıcı Mevsimi : Roman _bBütün Eserleri 8 |
||
| 250 | _a1.Basım | ||
| 260 |
_aAnkara _bBilgi Yayınları _cEkim 1999 |
||
| 500 | _aBilgi Yayınları / Yeni Dizi : 52 | ||
| 650 | 0 |
_9145 _aTürk Edebiyatı |
|
| 942 |
_2lcc _cBK |
||